|
|
|
|
| LEADER |
00000nab a2200000 a 4500 |
| 001 |
vtls000799529 |
| 003 |
SK-MaSNL |
| 005 |
20260302155612.0 |
| 008 |
180205c2002 xo 0 slo |
| 015 |
|
|
|a SNBRB2002/07-22079
|
| 035 |
|
|
|a CLN000151184
|
| 040 |
|
|
|a SNKBUCL
|b slo
|c SNKBUCL
|e AACR2
|
| 041 |
0 |
|
|a slo
|
| 044 |
|
|
|a xo
|c SK
|
| 080 |
|
|
|a 75.071.1
|2 UDC-MRF-SK2
|
| 080 |
|
|
|a 76.071.1
|2 UDC-MRF-SK2
|
| 080 |
|
|
|a 77.04-051
|2 UDC-MRF-SK2
|
| 100 |
1 |
|
|a Rusinová, Zora,
|d 1950-
|4 aut
|9 104507
|
| 245 |
1 |
0 |
|a Dráha mojej kométy?
|b alebo Od ikonoklazmu k obrazu človeka (na margo výstavy Ruda Sikoru)
|c Zora Rusinová
|
| 300 |
|
|
|b Fotogr.
|
| 504 |
|
|
|a Pozn.
|
| 600 |
1 |
7 |
|a Sikora, Rudolf,
|d 1946-
|2 snkbucl
|9 93399
|
| 655 |
|
7 |
|a články z novín a časopisov
|2 snkbucl
|9 267496
|
| 773 |
0 |
|
|x 1335-9770
|t Profil
|g Roč. 9, č. 1 (2002), s. 88-101
|
| 850 |
|
|
|a Slovenská národná knižnica v Martine
|
| 852 |
|
|
|a SNK
|b KIS3GCP
|
| 958 |
|
|
|a RBX
|
| 999 |
|
|
|c 1372012
|d 1373942
|